| 000 | 00822nam a22002177a 4500 | ||
|---|---|---|---|
| 003 | UA-OsUOA | ||
| 001 | 78246 | ||
| 007 | ta | ||
| 008 | 20111005b un ||||| |||| 00| 0 ukr d | ||
| 090 |
_a016:929 _bО-53 |
||
| 942 | _cBK | ||
| 040 |
_aUA-OsUOA _bukr _cUA-OsUOA _dUA-OsUOA |
||
| 245 |
_aОлександр Олександрович Чувпило - професор Харківського національного університету імені В.Н.Каразіна _bбібліографічний покажчик _cукл. Чижов О.П. |
||
| 300 | _a28 с. | ||
| 955 | _a4 | ||
| 041 | _aukr | ||
| 080 | _a016:929 | ||
| 260 |
_aХарків _bХНУ ім. В.Н.Каразіна _c2009 |
||
| 650 | 7 |
_a01 Бібліографія і бібліографії. Каталоги _2UDC |
|
| 999 |
_c364550 _d364550 |
||